| 000 | 00813nam a22002177a 4500 | ||
|---|---|---|---|
| 999 |
_c14567 _d14567 |
||
| 003 | AR-CdUCM | ||
| 008 | 190409b ||||| |||| 00| 0 spa d | ||
| 020 | _a978-0-545-49083-2 | ||
| 040 |
_aMUNICIPALIDAD PROVINCIAL DEL CUSCO _cBIBLIOTECA MUNICIPAL DEL CUSCO |
||
| 082 |
_aEP / 808.06 / _bAR73 |
||
| 100 |
_aArlon, Penelope _930662 |
||
| 245 |
_aScholastic, explora tu mundo : _bLos dinosaurios / |
||
| 260 |
_aSingapur : _bFirst spanish edition, _c2013. |
||
| 300 |
_a80 paginas _c26 cm. |
||
| 505 | _aContenido :¿Que son los dinosaurios? -- Más dinosaurios -- Rocas del Jurásico -- Dinosaurios de hoy -- Dinosaurios voladores ... | ||
| 650 |
_aAnimales feroces _933394 |
||
| 650 |
_aCiencias naturales _910176 |
||
| 700 |
_aGordon-Harris, Tory _930664 |
||
| 942 |
_2ddc _cLIBROS |
||
| 945 |
_arum _d2019-04-23 |
||